FOOD PRODUCTION MANAGEMENT (Record no. 8038)
[ view plain ]
| 000 -LEADER | |
|---|---|
| fixed length control field | 00346nam a22001577a 4500 |
| 020 ## - INTERNATIONAL STANDARD BOOK NUMBER | |
| International Standard Book Number | 81-8204-022-1 |
| 082 ## - DEWEY DECIMAL CLASSIFICATION NUMBER | |
| Classification number | 641 |
| Item number | VIK |
| 100 ## - MAIN ENTRY--PERSONAL NAME | |
| Personal name | VIKAS KUMAR |
| 245 ## - TITLE STATEMENT | |
| Title | FOOD PRODUCTION MANAGEMENT |
| 250 ## - EDITION STATEMENT | |
| Edition statement | 1ST |
| 260 ## - PUBLICATION, DISTRIBUTION, ETC. (IMPRINT) | |
| Place of publication, distribution, etc | DELHI |
| Name of publisher, distributor, etc | AMAN |
| Year of Publication | 2006 |
| 300 ## - PAGE DESCRIPTION | |
| No. of Pages | 269 |
| 650 ## - SUBJECT ADDED ENTRY--TOPICAL TERM | |
| Topical term or geographic name as entry element | FOOD AND PRODUCTION |
| 653 ## - KEYWORDS--INDEX TERM | |
| Keyword term | FOOD, PRODUCTION |
| 942 ## - ADDED ENTRY ELEMENTS (KOHA) | |
| Source of classification or shelving scheme | Dewey Decimal Classification |
| Koha item type | Books |
| Withdrawn status | Lost status | Source of classification or shelving scheme | Damaged status | Not for loan | Collection code | Home library | Current library | Shelving location | Date acquired | Vendor Name | Cost, normal purchase price | SGTU | Bill Number | Total Checkouts | Full call number | Accession No. (Barcode) | Date last seen | Date last borrowed | Bill Date | Koha item type |
|---|---|---|---|---|---|---|---|---|---|---|---|---|---|---|---|---|---|---|---|---|
| Dewey Decimal Classification | HOTEL MANAGEMENT | SGT Science & Social Sciences Library | SGT Science & Social Sciences Library | Text Book | 09/10/2015 | JINDAL BOOK SERVICE | 600.00 | SGTU | 1775 | 2 | 641 VIK | HM356 | 29/12/2017 | 22/04/2017 | 07/09/2015 | Books | ||||
| Dewey Decimal Classification | HOTEL MANAGEMENT | SGT Science & Social Sciences Library | SGT Science & Social Sciences Library | Text Book | 09/10/2015 | JINDAL BOOK SERVICE | 600.00 | SGTU | 1775 | 641 VIK | HM357 | 09/10/2015 | 07/09/2015 | Books | ||||||
| Dewey Decimal Classification | HOTEL MANAGEMENT | SGT Science & Social Sciences Library | SGT Science & Social Sciences Library | Text Book | 09/10/2015 | JINDAL BOOK SERVICE | 600.00 | SGTU | 1775 | 641 VIK | HM358 | 09/10/2015 | 07/09/2015 | Books | ||||||
| Dewey Decimal Classification | HOTEL MANAGEMENT | SGT Science & Social Sciences Library | SGT Science & Social Sciences Library | Text Book | 09/10/2015 | JINDAL BOOK SERVICE | 600.00 | SGTU | 1775 | 641 VIK | HM359 | 09/10/2015 | 07/09/2015 | Books | ||||||
| Dewey Decimal Classification | HOTEL MANAGEMENT | SGT Science & Social Sciences Library | SGT Science & Social Sciences Library | Text Book | 09/10/2015 | JINDAL BOOK SERVICE | 600.00 | SGTU | 1775 | 641 VIK | HM360 | 09/10/2015 | 07/09/2015 | Books |